000 00867nam a2200277 i 4500
001 7577
003 ES-MaACL
005 20250827062553.0
007 t|
008 910305s1990 sp l |||| | spa d
020 _a84-7398-804-3
080 _a347.7(46)(094.46)
110 1 _aEspaña
_93622
240 1 0 _aCódigo de comercio, 1885
245 1 0 _aCódigo de comercio y leyes complementarias.
250 _a14ª ed.
_bpreparada por Mª Luisa Aparicio González.
260 _aMadrid :
_bCivitas,
_c1990.
300 _a1183 p. ;
_c17 cm.
490 1 _aBiblioteca de legislación ;
_v6
500 _aEd. cerrada a 27 de julio.
650 0 4 _aDerecho mercantil-
_zEspaña
_911735
700 1 _aAparicio González, María Luisa.
_922065
830 0 _aBiblioteca de legislación ;
_v6
_9177899
852 _aES-MaACL
_jL-14813
999 _c7577
_d7577